000 00681nam a2200241 i 4500
001 C2-0230974
003 PPAK
005 20180728084049.0
008 001106s1975 xxca|||| ||||| | eng d
020 _a0919600298
040 _aPPAK
_beng
_cPPAK
_erda
082 0 4 _a322.4
_223
090 0 0 _a322.4
_bKHA
_dKSI
100 1 _aKhaled, Leila,
_eauthor
245 1 0 _aMy people shall live:
_bautobiography of a revolutionary
264 1 _aToronto, Canada :
_bNC ,
_c1975
300 _a229 pages :
_billustrations ;
_c21 cm
336 _2rdacontent
_atext
337 _2rdamedia
_aunmediated
338 _2rdacarrier
_avolume
650 1 0 _aJewish-Arab relations
942 _ddc
_cB
999 _c150478
_d150478